Sổ tay điều tra, phân loại, lập bản đồ đất và đánh giá đất đai

Hướng dẫn điều tra, phân loại, lập bản đồ đất cũng như các bước đánh giá đất đai dùng trong sản xuất nông nghiệp, lâm nghiệp và trồng rừng sản xuất

Sparad:
Bibliografiska uppgifter
Materialtyp: Bok
Språk:Undetermined
Publicerad: Hà Nội Nông nghiệp 2015
Ämnen:
Taggar: Lägg till en tagg
Inga taggar, Lägg till första taggen!
Thư viện lưu trữ: Trung tâm Học liệu Trường Đại học Cần Thơ
LEADER 00823nam a2200181Ia 4500
001 CTU_211322
008 210402s9999 xx 000 0 und d
082 |a 333.73 
082 |b S450 
245 0 |a Sổ tay điều tra, phân loại, lập bản đồ đất và đánh giá đất đai 
245 0 |c Lê Thái Bạt ... [et al.] 
260 |a Hà Nội 
260 |b Nông nghiệp 
260 |c 2015 
520 |a Hướng dẫn điều tra, phân loại, lập bản đồ đất cũng như các bước đánh giá đất đai dùng trong sản xuất nông nghiệp, lâm nghiệp và trồng rừng sản xuất 
650 |a Sử dụng đất,Land use 
904 |i Kiều Mị,Hải 
980 |a Trung tâm Học liệu Trường Đại học Cần Thơ